| 000 | 01319nam0a2200337 4500 | ||
|---|---|---|---|
| 001 | RU\NLR\bibl\1310087 | ||
| 005 | 20250615153746.0 | ||
| 010 |
_a978-589606-351-3 _9300 |
||
| 021 |
_aRU _b2008-85102 _94968 |
||
| 035 | _a(nilc)EL/0000222908 | ||
| 035 | _a(NLR Aleph) 001295550 | ||
| 090 |
_a586377 _c586377 |
||
| 100 | _a20081023d2008 |||y0rusy50 ca | ||
| 101 | 0 | _arus | |
| 102 | _aRU | ||
| 105 | _aa ||||||||| | ||
| 200 | 1 |
_aНеолит европейского Северо-Востока _fВ. Н. Карманов _gРос. акад. наук. Урал. отд-ние, Коми науч. центр, Ин-т яз., лит. и истории |
|
| 210 |
_aСыктывкар _cКоми научный центр УрО РАН _d2008 |
||
| 215 |
_a223, [1] с. _cил. _d29 |
||
| 320 | _aБиблиогр.: с. 84-91 | ||
| 606 | 1 |
_aНеолит _yРоссийская Федерация _yСеверо-Восток _92536762 _3RU\NLR\auth\661502185 |
|
| 686 |
_a63.48(2Рос.Ком) _vLBC/RL _2rubbk |
||
| 686 | _aТ4(2)243.21 | ||
| 700 | 1 |
_aКарманов _bВ. Н. _gВиктор Николаевич _4070 |
|
| 801 | 0 |
_aRU _bНБР Коми _c20081023 _grcr |
|
| 801 | 1 |
_aRU _bНБР Коми _c20081023 |
|
| 801 | 2 |
_aRU _bNLR _c20081219 _grcr |
|
| 942 | _cBOOK | ||
| 980 | _aNB | ||
| 980 | _aNBR | ||